000 00446nam a2200145Ia 4500
008 230917s9999||||xx |||||||||||||| ||und||
040 _e166426
_aMAIN
041 _aEnglish
082 _a891.431721 VK135O
100 _aवचनदेव कुमार
245 0 _aओ अजन्मा सुनो
260 _aदिल्ली
_bहिन्दी साहित्य संसार
_c1967
300 _a74 पृ. p.
942 _cHN
999 _c40743
_d40743